Most Streamed Young Thug Songs - Statistics

General Stats
  • This quiz has been taken 86 times
  • The average score is 8 of 20
Answer Stats
# Streams Answer % Correct
1 2,312,590,765 Havana
84%
13 423,853,441 Hot
79%
10 507,633,176 Hot (Remix)
79%
6 798,671,000 The London
76%
5 801,449,483 pick up the phone
75%
19 311,838,613 Digits
63%
3 921,908,270 Trance
59%
15 367,932,489 Bad Bad Bad
54%
11 493,332,614 Relationship
41%
8 622,144,230 Way 2 Sexy
41%
16 344,347,795 FRANCHISE
29%
2 1,375,340,891 Goodbyes
29%
17 324,348,236 Lifestyle
29%
4 820,237,033 OUT WEST
29%
7 773,199,499 Go Crazy
27%
14 408,407,479 pushin P
14%
9 537,320,633 Rich ***** Shit
14%
20 265,172,418 Bad Boy
11%
18 315,022,213 Solid
8%
12 443,573,694 DOLLAZ ON MY HEAD
5%
No matching quizzes found
Score Distribution
Percent of People with Each Score
Percentile by Number Answered
Your Score History
You have not taken this quiz